[Event "FRA-ch U16 Girls"]
[Site "Belfort"]
[Date "2017.04.19"]
[Round "5.3"]
[White "Lomandong, Noela Joyce"]
[Black "Romas, Lionia"]
[Result "1-0"]
[WhiteElo "1987"]
[BlackElo "1655"]
[PlyCount "59"]
[EventDate "2017.04.16"]
[EventType "swiss"]
[EventRounds "9"]
[EventCountry "FRA"]
[SourceTitle "EXT 2019"]
[Source "ChessBase"]
[SourceDate "2018.10.10"]
[SourceVersion "1"]
[SourceVersionDate "2018.10.10"]
[SourceQuality "1"]

1. d4 Nf6 2. Nf3 d5 3. c4 c6 4. Nc3 e6 5. g3 Be7 6. Bg2 0-0 7. 0-0 Nbd7 8. Qc2 Re8 9. Rd1 Nb6 10. c5 Nbd7 11. b4 b6 12. Rb1 bxc5 13. bxc5 Qc7 14. Bf4 Qa5 15. Bd2 Qc7 16. Bf4 Qa5 17. e4 Ba6 18. Bd2 dxe4 19. Nxe4 Qc7 20. Bf4 Qa5 21. Ne5 Bb5 22. Nxc6 Bxc6 23. Nxf6+ Bxf6 24. Bxc6 Rad8 25. Qa4 Qxa4 26. Bxa4 e5 27. dxe5 Nxe5 28. Bxe8 Rxe8 29. Bxe5 Bxe5 30. Re1 1-0

[Event "Montigny le Bretonneux-D 14th"]
[Site "Montigny le Bretonneux"]
[Date "2015.10.18"]
[Round "2.2"]
[White "Fruchard, Alois"]
[Black "Romas, Lionia"]
[Result "0-1"]
[WhiteElo "1249"]
[BlackElo "1498"]
[PlyCount "72"]
[EventDate "2015.10.17"]
[EventType "tourn"]
[EventRounds "10"]
[EventCountry "FRA"]
[SourceTitle "EXT 2024"]
[Source "ChessBase"]
[SourceDate "2023.10.10"]
[SourceVersion "1"]
[SourceVersionDate "2023.10.10"]
[SourceQuality "1"]

1. d4 Nf6 2. c4 e5 3. e3 exd4 4. exd4 d5 5. Nc3 Nc6 6. Nf3 Be6 7. b3 Bb4 8. Bd2 dxc4 9. bxc4 Nxd4 10. Nxd4 Qxd4 11. Qa4+ Bd7 12. Qxb4 Ne4 13. Be3 Qxc3+ 14. Qxc3 Nxc3 15. Bd4 Ne4 16. Bd3 Nf6 17. 0-0 Be6 18. Rab1 0-0-0 19. Bxf6 Rxd3 20. Bb2 Bxc4 21. Bxg7 Rg8 22. Be5 Rd2 23. Rbc1 b5 24. a4 a6 25. axb5 axb5 26. h3 Bxf1 27. Rxc7+ Kd8 28. Kxf1 Rd7 29. Rc5 Rb7 30. Rd5+ Ke7 31. Ke2 Ke6 32. Rc5 Rg5 33. f4 Rxg2+ 34. Kd3 Rg3+ 35. Ke4 f5+ 36. Kd4 Rd7+ 0-1

[Event "Montigny le Bretonneux-D 14th"]
[Site "Montigny le Bretonneux"]
[Date "2015.10.17"]
[Round "1.2"]
[White "Romas, Lionia"]
[Black "Mozzini, Louis"]
[Result "1-0"]
[WhiteElo "1498"]
[BlackElo "1474"]
[PlyCount "71"]
[EventDate "2015.10.17"]
[EventType "tourn"]
[EventRounds "10"]
[EventCountry "FRA"]
[SourceTitle "EXT 2024"]
[Source "ChessBase"]
[SourceDate "2023.10.10"]
[SourceVersion "1"]
[SourceVersionDate "2023.10.10"]
[SourceQuality "1"]

1. e4 c5 2. d4 cxd4 3. c3 dxc3 4. Nxc3 e6 5. Bc4 Nc6 6. Nf3 Qc7 7. 0-0 Bb4 8. Nb5 Qb8 9. Qe2 a6 10. Nbd4 Nge7 11. Rd1 b5 12. Bb3 Bb7 13. Be3 Bd6 14. Rac1 Ne5 15. Bg5 Ng4 16. h3 f6 17. hxg4 fxg5 18. Rc2 h5 19. Nxg5 hxg4 20. Qxg4 Bh2+ 21. Kf1 Qf4 22. Qxf4 Bxf4 23. Nh3 Ng6 24. f3 Be5 25. a4 Nh4 26. axb5 Bxd4 27. Rxd4 Nxf3 28. gxf3 Rxh3 29. Kg2 Rh5 30. bxa6 Bxa6 31. Rc7 Bb5 32. Bc4 Bxc4 33. Rdxc4 Ra2 34. Rb4 Rg5+ 35. Kf2 d5 36. Rb8# 1-0

[Event "Montigny le Bretonneux op 13th"]
[Site "Montigny le Bretonneux"]
[Date "2014.10.23"]
[Round "6"]
[White "Romas, Lionia"]
[Black "Mousset Evtouchenko, Nina"]
[Result "1-0"]
[WhiteElo "1583"]
[BlackElo "1666"]
[PlyCount "71"]
[EventDate "2014.10.18"]
[EventType "swiss"]
[EventRounds "9"]
[EventCountry "FRA"]
[SourceTitle "EXT 2016"]
[Source "ChessBase"]
[SourceDate "2015.10.08"]
[SourceVersion "1"]
[SourceVersionDate "2015.10.08"]
[SourceQuality "1"]

1. e4 c5 2. d4 cxd4 3. c3 d6 4. cxd4 Nf6 5. Nc3 a6 6. Bc4 e6 7. Qe2 Be7 8. e5 dxe5 9. dxe5 Nd5 10. Nf3 Nxc3 11. bxc3 b5 12. Bb3 Qc7 13. 0-0 0-0 14. Bg5 Nc6 15. Bxe7 Qxe7 16. Rac1 Bb7 17. c4 b4 18. c5 a5 19. Rfd1 a4 20. Bc4 Na5 21. Bb5 Nc6 22. Rd6 Rfc8 23. Rcd1 Rc7 24. Qe4 Na7 25. c6 Nxb5 26. cxb7 Re8 27. Rb6 Nc3 28. Qxb4 Qxb4 29. Rxb4 Rxb7 30. Rxb7 Nxd1 31. Ra7 Nc3 32. a3 Rb8 33. h3 h6 34. Nd2 Rc8 35. Kf1 Rc4 36. Nxc4 1-0

[Event "FRA-ch U12 Girls"]
[Site "Montbeliard"]
[Date "2014.04.26"]
[Round "8"]
[White "Pionnier, Camille"]
[Black "Romas, Lionia"]
[Result "1-0"]
[WhiteElo "1474"]
[BlackElo "1311"]
[PlyCount "169"]
[EventDate "2014.04.21"]
[EventType "swiss"]
[EventRounds "9"]
[EventCountry "FRA"]
[SourceTitle "CBM 160 Extra"]
[Source "ChessBase"]
[SourceDate "2014.07.01"]
[SourceVersion "1"]
[SourceVersionDate "2014.07.01"]
[SourceQuality "1"]

1. e4 e6 2. d3 d5 3. Nd2 c5 4. Ngf3 Nc6 5. g3 Be7 6. Bg2 Nf6 7. 0-0 0-0 8. Re1 Qc7 9. Nf1 b6 10. h4 Nd7 11. N1h2 Bb7 12. Bf4 Bd6 13. Bxd6 Qxd6 14. Ng4 Rae8 15. Qd2 f5 16. exf5 exf5 17. Ne3 Ne7 18. d4 f4 19. Nf1 fxg3 20. Nxg3 Rf7 21. Ng5 Rf4 22. dxc5 bxc5 23. Re6 Qb8 24. Rae1 Kf8 25. Nxh7+ Kf7 26. Rxe7+ Rxe7 27. Bxd5+ Bxd5 28. Qxd5+ Ke8 29. Rxe7+ Kxe7 30. Nf5+ Kd8 31. Nf8 Rg4+ 32. Kf1 Qb5+ 33. Ke1 Rg1+ 34. Kd2 Qb4+ 35. Ke3 Qe1+ 36. Kf3 Qd1+ 37. Qxd1 Rxd1 38. Ne6+ Kc8 39. Nexg7 Nf6 40. Ne3 Rh1 41. Ngf5 Kd7 42. Kf4 Ke6 43. f3 Kf7 44. Ke5 Ra1 45. a3 Rb1 46. b3 Rh1 47. Kd6 Rh3 48. Kxc5 Rxf3 49. Kb5 Ke6 50. Nd4+ Ke5 51. Nxf3+ Ke4 52. Nc4 Kxf3 53. Na5 Kg4 54. Ka6 Kxh4 55. Kxa7 Nd5 56. c4 Nc7 57. a4 Kg5 58. c5 Kf6 59. Kb7 Nd5 60. c6 Ke5 61. c7 Nxc7 62. Kxc7 Kd5 63. Kb6 Kd6 64. b4 Kd7 65. Kb7 Kd8 66. b5 Kd7 67. b6 Kd8 68. Ka7 Kd7 69. b7 Ke6 70. b8Q Kd5 71. Qc7 Ke6 72. Qd8 Ke5 73. Qd7 Ke4 74. Qd6 Kf5 75. Qe7 Kf4 76. Qe6 Kf3 77. Qe5 Kf2 78. Qe4 Kf1 79. Qc2 Ke1 80. Kb6 Kf1 81. Kc5 Ke1 82. Kd4 Kf1 83. Ke3 Kg1 84. Kf3 Kh1 85. Qg2# 1-0